Normal view MARC view
  • Oceanografía

Entry Materia

Number of records used in: 26

001 - NÚMERO DE CONTROL DEL REGISTRO

  • campo de control: 11043

003 - IDENTIFICADOR DE NUMERO DE CONTROL

  • campo de control: MX-MxUPN

005 - FECHA Y HORA DE LA ÚLTIMA TRANSACCIÓN

  • campo de control: 20250512122017.0

008 - DATOS DE LONGITUD FIJA

  • campo de control de longitud fija: 250512n| acnnnbabn | ana |d

035 ## - NÚMERO DE CONTROL DEL SISTEMA

  • Número de control del sistema: UPN10000011050

040 ## - FUENTE DE LA CATALOGACIÓN

  • Centro catalogador de origen: MX-MxUPN
  • Lengua de catalogación: spa
  • Agencia de transcripción: MX-MxUPN

150 ## - ENCABEZAMIENTO - TEMÁTICO

  • Término de materia o nombre geográfico como elemento inicial: Oceanografía

670 ## - FUENTE EN LA QUE SE LOCALIZARON DATOS

  • Cita de la fuente: E

680 ## - NOTA GENERAL CON DESPLIEGUE PÚBLICO

  • Texto explicativo: Aquí se asientan las obras sobre el estudio científico del océano y sus fenómenos. Las descripciones geográficas de los océanos del mundo, incluyendo los relatos populares de sus diversos aspectos y "misterios" se asientan bajo
  • Encabezamiento: OCEANO.
  • Texto explicativo: Subdivídase por lugares. Ej.:
  • Encabezamiento: OCEANOGRAFIA - OCEANO ATLANTICO ; OCEANOGRAFIA - CARIBE, MAR.
  • Texto explicativo: Para todas las subdivisiones de lugar, hágase una envío del lugar con subdivisión de OCEANOGRAFIA

902 ## - CATALOGADOR

  • Catalogador: CAA/120996